| 000 | 00996cam a22002654a 4500 | ||
|---|---|---|---|
| 999 |
_c330262 _d330262 |
||
| 001 | 12013261 | ||
| 003 | NUST | ||
| 005 | 20170615124349.0 | ||
| 008 | 000518s2001 caua 001 0 eng | ||
| 010 | _a 00034585 | ||
| 020 | _a0805327320 | ||
| 040 |
_aDLC _cDLC _dDLC |
||
| 042 | _apcc | ||
| 050 | 0 | 0 |
_aQR54 _b.M53 2001 |
| 082 | 0 | 0 |
_a579 .0222 ALE _221 |
| 100 | 1 |
_aAlexander, Steve K. _92729 |
|
| 245 | 1 | 0 |
_aMicrobiology : _ba photographic atlas for the laboratory / _cSteve K. Alexander, Dennis Strete. |
| 260 |
_aSan Francisco : _bBenjamin Cummings, _cc2001. |
||
| 300 |
_ax, 193 p. : _bcol. ill. ; _c28 cm. |
||
| 500 | _aSimultaneously published in Canada. | ||
| 500 | _aIncludes index. | ||
| 501 | _aP.B | ||
| 650 | 0 |
_aMicrobiology _vAtlases. _92730 |
|
| 700 | 1 |
_aStrete, Dennis. _92731 |
|
| 906 |
_a7 _bcbc _corignew _d1 _eocip _f20 _gy-gencatlg |
||
| 942 |
_2ddc _cBK _kIESE |
||